[Event "Araraquara op 2nd"]
[Site "Araraquara"]
[Date "2024.02.11"]
[Round "3"]
[White "De Souza, Genilson Messias"]
[Black "Biazon, Heloise De Oliveira"]
[Result "1-0"]
[WhiteElo "1742"]
[BlackElo "1063"]
[PlyCount "73"]
[EventDate "2024.02.10"]
[EventType "swiss"]
[EventRounds "7"]
[EventCountry "BRA"]
[SourceTitle "CB09_2024"]
[SourceDate "2024.02.28"]
[SourceVersion "1"]
[SourceVersionDate "2024.02.28"]
[SourceQuality "1"]

1. d4 e6 2. Nc3 d5 3. Bf4 c5 4. e3 Nf6 5. f3 Nc6 6. Nb5 e5 7. dxe5 Nh5 8. Qxd5 Nb4 9. Qxd8+ Kxd8 10. 0-0-0+ Bd7 11. Bc4 Kc8 12. Nc3 Nxf4 13. exf4 a6 14. a3 Nc6 15. Bxf7 Bf5 16. Nd5 Kb8 17. g4 Bg6 18. Bxg6 hxg6 19. c3 Ka7 20. Ne2 Rd8 21. h4 Ne7 22. c4 b5 23. b3 Kb7 24. Ng3 Kc6 25. Nb4+ Kc7 26. Nxa6+ Kc8 27. Rxd8+ Kxd8 28. Nxc5 Nc6 29. Ne6+ Ke7 30. Ng5 bxc4 31. bxc4 Na5 32. Kc2 Nxc4 33. Kb3 Na5+ 34. Kb4 Nc6+ 35. Kb5 Kd7 36. Rd1+ Kc7 37. Rc1 1-0

[Event "Lagoas op 4th"]
[Site "Lagoas"]
[Date "2019.09.29"]
[Round "5"]
[White "De Souza, Genilson Messias"]
[Black "Cristino, Felipe Borges"]
[Result "0-1"]
[WhiteElo "1765"]
[BlackElo "1933"]
[PlyCount "96"]
[EventDate "2019.09.27"]
[EventType "swiss"]
[EventRounds "5"]
[EventCountry "BRA"]
[SourceTitle "EXT 2020"]
[Source "ChessBase"]
[SourceDate "2019.10.17"]
[SourceVersion "1"]
[SourceVersionDate "2019.10.17"]
[SourceQuality "1"]

1. e4 c5 2. Nf3 g6 3. c3 d5 4. d3 Bg7 5. Nbd2 Nc6 6. h3 Nf6 7. Qe2 0-0 8. g4 e5 9. Bg2 b5 10. 0-0 d4 11. a4 dxc3 12. bxc3 bxa4 13. Rxa4 Qd7 14. Ra3 Rd8 15. c4 Ne8 16. Nb1 Rb8 17. Qa2 Nb4 18. Qb2 Qc7 19. Qe2 Nxd3 20. Rxd3 Rxb1 21. Rxd8 Qxd8 22. Kh2 Qd6 23. Rd1 Qc7 24. Qd3 Rb8 25. Be3 Bb7 26. Nh4 Bf6 27. g5 Rd8 28. Qe2 Rxd1 29. Qxd1 Be7 30. Qa4 Nd6 31. f3 h6 32. Bf1 Bxg5 33. Ng2 f5 34. Bf2 fxe4 35. h4 Be7 36. Qxa7 exf3 37. Ne3 Nc8 38. Nd5 Nxa7 39. Nxc7 Bd6 40. Ne6 e4+ 41. Kg1 Bc6 42. Nxc5 Nc8 43. Bh3 Ne7 44. Nd7 Nf5 45. Bxf5 gxf5 46. Nf6+ Kf7 47. c5 Be5 48. Nh5 f4 0-1

[Event "Lagoas op 4th"]
[Site "Lagoas"]
[Date "2019.09.28"]
[Round "2"]
[White "De Souza, Genilson Messias"]
[Black "Yassuda, Mariana Mayum Shigu"]
[Result "1-0"]
[WhiteElo "1765"]
[BlackElo "1753"]
[PlyCount "65"]
[EventDate "2019.09.27"]
[EventType "swiss"]
[EventRounds "5"]
[EventCountry "BRA"]
[SourceTitle "EXT 2020"]
[Source "ChessBase"]
[SourceDate "2019.10.17"]
[SourceVersion "1"]
[SourceVersionDate "2019.10.17"]
[SourceQuality "1"]

1. e4 e5 2. Nf3 Nc6 3. Bc4 Be7 4. c3 Nf6 5. Qe2 0-0 6. Bb3 d6 7. h3 Na5 8. Bc2 b6 9. d3 Bb7 10. b4 Nc6 11. a4 a6 12. g4 h6 13. g5 hxg5 14. Nxg5 b5 15. a5 Re8 16. Nd2 Bf8 17. Nf1 d5 18. Bb3 Rc8 19. Ne3 Na7 20. Ng4 Nxg4 21. hxg4 Be7 22. Nf3 Bf6 23. g5 Be7 24. Qf1 Bd6 25. Qh3 Kf8 26. Qh8+ Ke7 27. Qxg7 Rg8 28. Qf6+ Ke8 29. Qf5 Qd7 30. Qh7 Kf8 31. Nh4 Rxg5 32. Bxg5 Qg4 33. Qh8# 1-0

[Event "Campo Grande FESMAX 33th"]
[Site "Campo Grande"]
[Date "2018.12.22"]
[Round "6"]
[White "Felicio, Leonardo Demetrio"]
[Black "De Souza, Genilson Messias"]
[Result "1/2-1/2"]
[WhiteElo "1892"]
[BlackElo "1793"]
[PlyCount "85"]
[EventDate "2018.12.14"]
[EventType "tourn"]
[EventRounds "7"]
[EventCountry "BRA"]
[SourceTitle "EXT 2022"]
[Source "ChessBase"]
[SourceDate "2021.10.06"]
[SourceVersion "1"]
[SourceVersionDate "2021.10.06"]
[SourceQuality "1"]

1. e4 c6 2. d4 e6 3. Nc3 Be7 4. Bd2 Qb6 5. Bc1 d6 6. Nf3 Nd7 7. Be2 h6 8. 0-0 e5 9. Rb1 g5 10. Be3 Qc7 11. h3 Ngf6 12. Nh2 Nf8 13. Qd2 Ng6 14. Ng4 Nf4 15. f3 N6h5 16. Bf2 Be6 17. Rfe1 Nxe2+ 18. Rxe2 Nf4 19. Ree1 h5 20. Ne3 0-0-0 21. d5 Bd7 22. Ne2 g4 23. fxg4 hxg4 24. Nxf4 exf4 25. Nxg4 Bxg4 26. hxg4 Bg5 27. dxc6 bxc6 28. Qd4 c5 29. Qd5 f6 30. Qf5+ Qd7 31. g3 fxg3 32. Bxg3 Bh4 33. Re3 Rdg8 34. Rf1 Rxg4 35. Qxd7+ Kxd7 36. Rff3 Rb8 37. b3 Rbg8 38. Kf2 Bxg3+ 39. Rxg3 Rxg3 40. Rxg3 Rxg3 41. Kxg3 Ke6 42. c4 Ke5 43. Kf3 1/2-1/2

[Event "Campo Grande FESMAX 33th"]
[Site "Campo Grande"]
[Date "2018.12.14"]
[Round "1"]
[White "De Souza, Genilson Messias"]
[Black "Dantas, Leandro Henrique Va"]
[Result "1-0"]
[WhiteElo "1793"]
[BlackElo "1881"]
[PlyCount "72"]
[EventDate "2018.12.14"]
[EventType "tourn"]
[EventRounds "7"]
[EventCountry "BRA"]
[SourceTitle "EXT 2022"]
[Source "ChessBase"]
[SourceDate "2021.10.06"]
[SourceVersion "1"]
[SourceVersionDate "2021.10.06"]
[SourceQuality "1"]

1. e4 e5 2. Nf3 Nc6 3. Bc4 Bc5 4. c3 Nf6 5. Qe2 0-0 6. Bb3 d6 7. h3 Bb6 8. g4 Ne7 9. d3 Ng6 10. Be3 Bxe3 11. fxe3 Nd7 12. Qf2 Nc5 13. Bc2 d5 14. Nbd2 dxe4 15. dxe4 Be6 16. Ke2 Qd7 17. b3 Rad8 18. Kf1 Qc6 19. Kg1 Nd3 20. Bxd3 Rxd3 21. c4 Rfd8 22. Rh2 Qb6 23. Nf1 Qc6 24. Ne1 Rd1 25. Rxd1 Rxd1 26. Ng3 a5 27. Qe2 Rd8 28. h4 Qd7 29. Nf5 Qd1 30. Qxd1 Rxd1 31. Kf1 a4 32. h5 Nf8 33. Rb2 axb3 34. axb3 Nd7 35. Ke2 Ra1 36. Nc2 Nf6 1-0

[Event "Campo Grande Brasil op"]
[Site "Campo Grande"]
[Date "2015.10.12"]
[Round "7"]
[White "Cristino, Felipe Borges"]
[Black "De Souza, Genilson Messias"]
[Result "1-0"]
[WhiteElo "1994"]
[BlackElo "1807"]
[PlyCount "109"]
[EventDate "2015.10.09"]
[EventType "swiss"]
[EventRounds "7"]
[EventCountry "BRA"]
[SourceTitle "CBM 168 Extra"]
[Source "ChessBase"]
[SourceDate "2015.10.29"]
[SourceVersion "1"]
[SourceVersionDate "2015.10.29"]
[SourceQuality "1"]

1. e4 d6 2. f4 e5 3. d4 Nd7 4. dxe5 dxe5 5. Bc4 Qe7 6. Qe2 exf4 7. Bxf4 Nb6 8. Na3 c6 9. 0-0-0 Qf6 10. Be3 Bxa3 11. bxa3 Nxc4 12. Qxc4 Be6 13. Qd3 Qa1+ 14. Kd2 Qxa2 15. Ke1 Qc4 16. Nf3 Nf6 17. Nd2 Qa4 18. e5 Ng4 19. Bc5 Rd8 20. Qc3 Rd5 21. Bd6 Qd4 22. Qxd4 Rxd4 23. Ke2 f5 24. Rb1 b6 25. h3 Nh6 26. Ke3 Rd5 27. c4 Ra5 28. Nb3 Ra4 29. Nd4 Kd7 30. c5 Rxa3+ 31. Kf2 b5 32. Ra1 Rxa1 33. Rxa1 Ra8 34. Ra6 Bd5 35. e6+ Bxe6 36. Rxc6 Rc8 37. Rxc8 Kxc8 38. Nxe6 Nf7 39. Nxg7 Nxd6 40. cxd6 f4 41. Nh5 b4 42. Ke2 Kd7 43. Nf6+ Kxd6 44. Nxh7 a5 45. Kd3 b3 46. Nf8 Ke5 47. Nd7+ Kf5 48. Nc5 Kg5 49. Kc3 Kh4 50. Kxb3 f3 51. gxf3 Kxh3 52. f4 Kg4 53. Nd3 Kf5 54. Ka4 Ke4 55. Kxa5 1-0

[Event "Campo Grande Brasil op"]
[Site "Campo Grande"]
[Date "2015.10.11"]
[Round "5"]
[White "Leite, Eleilson De Arruda"]
[Black "De Souza, Genilson Messias"]
[Result "1-0"]
[WhiteElo "1800"]
[BlackElo "1807"]
[PlyCount "169"]
[EventDate "2015.10.09"]
[EventType "swiss"]
[EventRounds "7"]
[EventCountry "BRA"]
[SourceTitle "CBM 168 Extra"]
[Source "ChessBase"]
[SourceDate "2015.10.29"]
[SourceVersion "1"]
[SourceVersionDate "2015.10.29"]
[SourceQuality "1"]

1. d4 Nf6 2. c4 d6 3. Nc3 c6 4. Nf3 h6 5. e4 Qa5 6. Bd2 Qb6 7. b3 Bg4 8. Na4 Bxf3 9. Nxb6 Bxd1 10. Nxa8 Bg4 11. f3 Bc8 12. e5 dxe5 13. dxe5 Nfd7 14. Bc3 b6 15. e6 fxe6 16. Nc7+ Kf7 17. Bd3 Nc5 18. Bc2 Nb7 19. 0-0 h5 20. h4 Nd6 21. Rad1 Nd7 22. Rfe1 Nf6 23. Re2 Nf5 24. Bxf5 exf5 25. Bxf6 gxf6 26. Rd8 e5 27. Kh2 e4 28. f4 Bg7 29. Rxh8 Bxh8 30. Rd2 Ke7 31. Kg1 e3 32. Rd3 Bg7 33. Kf1 Bb7 34. Ke2 c5 35. Nd5+ Ke6 36. Rxe3+ Kd6 37. Rd3 Ke6 38. g3 Bf8 39. Re3+ Kf7 40. Nc7 Be4 41. Nb5 a6 42. Nc7 Bb7 43. Nd5 b5 44. cxb5 Bxd5 45. bxa6 c4 46. Kd2 Bc5 47. Re2 cxb3 48. axb3 Bxb3 49. Kc3 Bd5 50. Rd2 Bc6 51. Kc4 Be7 52. a7 Ke8 53. Rb2 Ba3 54. Rb8+ Kf7 55. a8Q Bxa8 56. Rxa8 Bc1 57. Kd3 Kg7 58. Kd4 Bb2+ 59. Kd5 Bc3 60. Ke6 Be1 61. Ra1 Bc3 62. Rc1 Bb2 63. Rc2 Bd4 64. Kxf5 Ba1 65. Rc7+ Kh6 66. Rf7 Bc3 67. Rxf6+ Kg7 68. Rg6+ Kh7 69. Kg5 Be1 70. Kxh5 Bf2 71. f5 Be1 72. f6 Bf2 73. f7 Bc5 74. Rc6 Bb4 75. Rc8 Kg7 76. f8Q+ Bxf8 77. Rxf8 Kxf8 78. Kg6 Kg8 79. h5 Kh8 80. g4 Kg8 81. g5 Kh8 82. Kf7 Kh7 83. g6+ Kh6 84. g7 Kxh5 85. g8Q 1-0

[Event "Campo Grande Brasil op"]
[Site "Campo Grande"]
[Date "2015.10.09"]
[Round "1"]
[White "Mekhitarian, Krikor Sevag"]
[Black "De Souza, Genilson Messias"]
[Result "1-0"]
[WhiteElo "2551"]
[BlackElo "1807"]
[PlyCount "65"]
[EventDate "2015.10.09"]
[EventType "swiss"]
[EventRounds "7"]
[EventCountry "BRA"]
[SourceTitle "CBM 168 Extra"]
[Source "ChessBase"]
[SourceDate "2015.10.29"]
[SourceVersion "1"]
[SourceVersionDate "2015.10.29"]
[SourceQuality "1"]

1. e4 d6 2. d4 c6 3. Nc3 Nf6 4. f4 Qa5 5. Bd3 e5 6. Nf3 Bg4 7. Be3 Nbd7 8. h3 Bxf3 9. Qxf3 Be7 10. 0-0 h6 11. Ne2 Rg8 12. c3 exf4 13. Bxf4 g5 14. Bh2 g4 15. hxg4 Rxg4 16. Ng3 0-0-0 17. Nf5 Bf8 18. a4 Rg6 19. b4 Qc7 20. b5 c5 21. a5 b6 22. e5 dxe5 23. axb6 Qb7 24. bxa7 Qxf3 25. Rxf3 Kb7 26. dxe5 Ng4 27. Be4+ Kb6 28. a8Q Rxa8 29. Rxa8 c4 30. Nd4 Nxh2 31. Rxf7 Rg4 32. Ra6+ Kc7 33. Ne6+ 1-0

[Event "Campo Grande Sul Mato op"]
[Site "Campo Grande"]
[Date "2015.09.07"]
[Round "6"]
[White "De Souza, Cezar Augusto Barbo"]
[Black "De Souza, Genilson Messias"]
[Result "0-1"]
[WhiteElo "1800"]
[BlackElo "1837"]
[PlyCount "76"]
[EventDate "2015.09.05"]
[EventType "swiss"]
[EventRounds "6"]
[EventCountry "BRA"]
[SourceTitle "EXT 2016"]
[Source "ChessBase"]
[SourceDate "2015.10.08"]
[SourceVersion "1"]
[SourceVersionDate "2015.10.08"]
[SourceQuality "1"]

1. e4 d6 2. d4 c6 3. Nf3 Qc7 4. Bf4 Bg4 5. Nbd2 Nd7 6. h3 Bh5 7. c3 e5 8. Be3 h6 9. Qc2 Ngf6 10. Bd3 Be7 11. 0-0 g5 12. Nh2 Nf8 13. f3 a6 14. Ng4 Ne6 15. Nxf6+ Bxf6 16. d5 Nf4 17. Bxf4 gxf4 18. Qa4 b5 19. Qa3 Ke7 20. c4 Qb6+ 21. Kh1 b4 22. Qa4 Rhc8 23. Nb3 a5 24. Rac1 c5 25. Qb5 Qa7 26. Qa4 Bh4 27. Nd2 Rf8 28. Rfd1 Bf2 29. Nf1 Rg8 30. Be2 Rg7 31. Qc2 Rag8 32. Nh2 Rxg2 33. Ng4 Rg3 34. Nxf2 Rxf3 35. Bxf3 Bxf3+ 36. Kh2 Rg2+ 37. Kh1 Rxf2+ 38. Kg1 Rxc2 0-1

[Event "Tres Lagoas nt"]
[Site "Tres Lagoas"]
[Date "2015.08.08"]
[Round "1.4"]
[White "De Moura, Fernando Alves"]
[Black "De Souza, Genilson Messias"]
[Result "0-1"]
[WhiteElo "1797"]
[BlackElo "1796"]
[PlyCount "86"]
[EventDate "2015.08.08"]
[EventType "swiss"]
[EventRounds "5"]
[EventCountry "BRA"]
[SourceTitle "EXT 2022"]
[Source "ChessBase"]
[SourceDate "2021.10.06"]
[SourceVersion "1"]
[SourceVersionDate "2021.10.06"]
[SourceQuality "1"]

1. d4 d5 2. c4 e5 3. dxe5 d4 4. Nf3 Nc6 5. a3 Qe7 6. e3 dxe3 7. Bxe3 Bg4 8. Be2 Rd8 9. Qc2 Bxf3 10. Bxf3 Nxe5 11. Be2 c6 12. 0-0 a6 13. Nc3 Qc7 14. Rfe1 Be7 15. Na4 c5 16. Nc3 Nf6 17. h3 0-0 18. Rad1 Nc6 19. Bf1 Nd4 20. Qb1 Rd7 21. Bg5 Ng4 22. hxg4 Bxg5 23. Nd5 Qb8 24. Bd3 h6 25. Bf5 Rxd5 26. cxd5 Qd6 27. b4 b6 28. bxc5 bxc5 29. Qb7 Rb8 30. Qd7 Nxf5 31. Qxf5 Bf6 32. Rb1 Rd8 33. Rb7 g6 34. Qd3 Be5 35. g3 Qxd5 36. Qxd5 Rxd5 37. Ra7 c4 38. Rxa6 c3 39. Rc6 Bg7 40. Re8+ Kh7 41. Rec8 Rg5 42. f3 h5 43. Rc5 Bd4+ 0-1

[Event "Campo Grande op 2nd"]
[Site "Campo Grande"]
[Date "2014.09.07"]
[Round "4"]
[White "Lopes Ximenes, Roger Roberto"]
[Black "De Souza, Genilson Messias"]
[Result "0-1"]
[WhiteElo "1796"]
[BlackElo "1800"]
[PlyCount "86"]
[EventDate "2014.09.05"]
[EventType "swiss"]
[EventRounds "5"]
[EventCountry "BRA"]
[SourceTitle "CBM 162 Extra"]
[Source "ChessBase"]
[SourceDate "2014.10.17"]
[SourceVersion "1"]
[SourceVersionDate "2014.10.17"]
[SourceQuality "1"]

1. d4 d6 2. Nf3 Nf6 3. Bf4 c6 4. Nbd2 Qa5 5. c3 Bg4 6. Qc2 Nbd7 7. e4 e5 8. Nc4 Qc7 9. dxe5 Bxf3 10. exf6 Bxe4 11. Qxe4+ Kd8 12. 0-0-0 Nxf6 13. Qf5 Nd5 14. Bg3 g6 15. Bh4+ Ne7 16. Rxd6+ Qxd6 17. Nxd6 gxf5 18. Nxf7+ Kd7 19. Nxh8 Bh6+ 20. Kc2 Rxh8 21. Bd3 Rf8 22. Re1 Ng6 23. Bg3 f4 24. Bxg6 fxg3 25. Be4 Rxf2+ 26. Kb3 gxh2 27. Rh1 Bf4 28. Bf3 h5 29. a4 h4 30. Bg4+ Kd6 31. Bh3 Ke5 32. Re1+ Kd6 33. Re6+ Kc7 34. Re1 Bg3 35. Rh1 Re2 36. Ka3 Re1 37. Rxh2 Bxh2 38. Kb4 Re4+ 39. c4 b6 40. Kc3 Kd6 41. Kd3 Re1 42. b3 Kc5 43. Kc3 Re3+ 0-1